Getting Over it Quiz - Statistics

General Stats
  • This quiz has been taken 91 times
  • The average score is 11 of 40
Answer Stats
Hint Answer % Correct
What year was it released? 2017
95%
Who is the developer of this game? Bennett Foddy
85%
What game is this a homage to? Sexy Hiking
80%
What is the hardest obsticle mid way through the game? Orange Hell
59%
What is the color of the hat? Purple/Pink
57%
How many times do you have to beat the game in order to get all the achievements? 50
52%
What is supposedly the name of the man in the pot? Diogenes
51%
Who was the creator of that game? Jazzuo
48%
What is considered to be the hardest obsticle in the entire game? The Bucket
48%
What is his nationality? Czech
44%
What type of game does the developer state that it is? B-Game
43%
Why does he believe that this is not the case? They are Trash
39%
When you almost get up to it's top part, what comes out of it? Bats
36%
What is the nickname for one of the earliest obsticles that could be considered extremely difficult? The Devil's Chimney
36%
What is the next building that you have to climb once you get past this obsticle? A Church
34%
What is the first obsticle in Getting over it? A Dead Tree
31%
When the dev would build a new obsticle, it would be unreasonably hard. In what way did he say it was his fault? As a player
31%
How could you describe this type of game? Unfriendly
30%
Who are you in the game? His will
28%
What is the reward for beating the game? I'm not telling you
28%
What does the developer state that the frustration of the game is essential to? Climbing
26%
What does the dev only want from challanges? Bitterness
23%
What are the final obsticles in the game? Asteroids
21%
What did he state that one day games would be made out of? Prefabricated Objects
18%
What does he state that every obstacle in the homage game is? Real
18%
According to the developer how long does anything on the internet take to become this? Seconds
16%
How long specifically does he cite? 6 seconds
15%
Why does he state that developers build these type of games? For the joy of building them
15%
What is the next hardest part? The Ice Cliff
15%
What gradually happens to your pot when you complete the game? Becomes golden
10%
Discussions of McRibs
8%
Russian Dashcam Vids
5%
3D Models of Breakfast
2%
Banned Snuff Scenes on Liveleak
2%
Carcrash Epic Fail Gifs
0%
Gen Xers Fanfic Novels
0%
Green Screen Shia LeBoeuf
0%
Kanye and Taylor Swift Mashups
0%
Scanned Magazines
0%
Unbranded Adverts
0%
No matching quizzes found
Score Distribution
Percent of People with Each Score
Percentile by Number Answered
Your Score History
You have not taken this quiz